Taylor Swift songs that start with "T" - Statistics

General Stats
  • This quiz has been taken 36 times
  • The average score is 29 of 42
Answer Stats
Answer % Correct
the last great american dynasty
92%
Timeless
92%
the 1
88%
The Life of a Showgirl
88%
The Man
88%
The Albatross
84%
The Archer
84%
The Black Dog
84%
The Tortured Poets Department
84%
Tim McGraw
84%
Teardrops on My Guitar
80%
The Alchemy
80%
The Fate of Ophelia
80%
the lakes
80%
this is me trying
80%
The Manuscript
76%
The Last Time
72%
The Prophecy
72%
The Story Of Us
72%
The Way I Loved You
72%
This Is Why We Can't Have Nice Things
72%
This Love
72%
'tis the damn season
72%
Treacherous
72%
The Smallest Man Who Ever Lived
68%
Tied Together With A Smile
68%
tolerate it
68%
thanK you aIMee
64%
The Bolter
64%
The Other Side Of The Door
64%
The Great War
60%
The Outside
60%
Today Was a Fairytale
60%
Tell Me Why
56%
That's When
56%
The Lucky One
56%
The Very First Night
56%
The Alcott
52%
The Best Day
52%
The Moment I Knew
52%
Two Is Better Than One
36%
Thug Story
20%
No matching quizzes found
Score Distribution
Percent of People with Each Score
Percentile by Number Answered
Your Score History
You have not taken this quiz